Pilot water supply project in two district towns in Hai Phong and Bac Ninh province: Feasibility study for lim town
Gespeichert in:
| 1. Verfasser: | |
|---|---|
| Format: | Buch |
| Sprache: | Undetermined |
| Veröffentlicht: |
Washington, D. C.
The World Bank
2004
|
| Tags: |
Tag hinzufügen
Keine Tags, Fügen Sie den ersten Tag hinzu!
|
| Thư viện lưu trữ: | Trung tâm Học liệu Trường Đại học Cần Thơ |
|---|
| LEADER | 00500nam a2200157Ia 4500 | ||
|---|---|---|---|
| 001 | CTU_62664 | ||
| 008 | 210402s9999 xx 000 0 und d | ||
| 082 | |a 363.61 | ||
| 082 | |b W927pf | ||
| 100 | |a The World Bank | ||
| 245 | 0 | |a Pilot water supply project in two district towns in Hai Phong and Bac Ninh province: Feasibility study for lim town | |
| 260 | |a Washington, D. C. | ||
| 260 | |b The World Bank | ||
| 260 | |c 2004 | ||
| 904 | |i Minh | ||
| 980 | |a Trung tâm Học liệu Trường Đại học Cần Thơ | ||